| 000 | 00668nam a2200241 a 4500 | ||
|---|---|---|---|
| 999 |
_c10522 _d10522 |
||
| 001 | 10522 | ||
| 003 | BD-JhCC | ||
| 005 | 20180430190835.0 | ||
| 008 | 180430s1964 nbu |||| b||| 000 0 eng d | ||
| 020 | _a822002922 | ||
| 035 | _a(BD-JhCC)10522 | ||
| 040 |
_aBD-JhCC _dBD-JhCC |
||
| 041 | _aeng | ||
| 082 |
_a821.1 _bROB 1964 |
||
| 100 |
_aRoberts, James L., _c1929- |
||
| 245 |
_aCanterbury Tales : _bNotes / _cJames L. Roberts, |
||
| 260 |
_aLIncoln : _bCliff's Notes, _c1964. |
||
| 300 |
_a78 P. : _c21 cm. |
||
| 504 | _aIncludes Bibliographical Reference. | ||
| 650 | _aChristian pilgrims and pilgrimages in literature | ||
| 942 |
_2ddc _cBK |
||